00401nam a2200157Ia 45000010006000000050017000060080041000230410008000640820016000721000028000882450069001162600009001853000033001946500008002276540008002351492720260306164950.0260306t2017||||xx |||||||||||||| ||spa|| aESP a519.5bM534 aMehmetoglu, MehmeteAUT 0aApplied statistics using Stata:ba guide for the social sciences c2017 axvi, 356 páginas :c24 cm. aGEN aCMA